[Event "SWE Cup"]
[Site "Linkoping"]
[Date "2016.09.11"]
[Round "7.1"]
[White "Andersson, Fredrik1111"]
[Black "Nithander, Victor"]
[Result "1/2-1/2"]
[WhiteElo "2279"]
[BlackElo "2427"]
[PlyCount "68"]
[EventDate "2016.09.09"]
[EventType "team-k.o."]
[EventRounds "7"]
[EventCountry "SWE"]
[SourceTitle "CBM 174 Extra"]
[Source "ChessBase"]
[SourceDate "2016.10.10"]
[SourceVersion "1"]
[SourceVersionDate "2016.10.10"]
[SourceQuality "1"]
[WhiteTeam "Kungstornet"]
[BlackTeam "Viking Team"]
[WhiteTeamCountry "SWE"]
[BlackTeamCountry "SWE"]

1. e4 g6 2. d4 Bg7 3. Nc3 d6 4. f4 a6 5. Nf3 b5 6. Bd3 Nd7 7. e5 Bb7 8. Be4 Qc8 9. Bxb7 Qxb7 10. Qe2 Nh6 11. Ng5 Nb6 12. 0-0 0-0 13. Nce4 Qd5 14. c3 f6 15. Nf3 Nf7 16. exf6 exf6 17. Ng3 Rfe8 18. Qc2 f5 19. Bd2 Nc4 20. a4 Bh6 21. axb5 axb5 22. Rxa8 Rxa8 23. Bc1 Re8 24. Re1 Rxe1+ 25. Nxe1 c5 26. dxc5 dxc5 27. Qd3 Qa8 28. b3 Ncd6 29. Be3 Qa1 30. Kf1 c4 31. bxc4 Nxc4 32. Ne2 Qa8 33. Bc5 Qc6 34. Bb4 Bf8 1/2-1/2

[Event "SWE Cup"]
[Site "Linkoping"]
[Date "2016.09.11"]
[Round "6.2"]
[White "Lind, Jan Olov"]
[Black "Nithander, Victor"]
[Result "0-1"]
[WhiteElo "2229"]
[BlackElo "2427"]
[PlyCount "70"]
[EventDate "2016.09.09"]
[EventType "team-k.o."]
[EventRounds "7"]
[EventCountry "SWE"]
[SourceTitle "CBM 174 Extra"]
[Source "ChessBase"]
[SourceDate "2016.10.10"]
[SourceVersion "1"]
[SourceVersionDate "2016.10.10"]
[SourceQuality "1"]
[WhiteTeam "Ervalla"]
[BlackTeam "Viking Team"]
[WhiteTeamCountry "SWE"]
[BlackTeamCountry "SWE"]

1. e4 g6 2. Nf3 Bg7 3. d3 c5 4. g3 Nc6 5. Bg2 d6 6. 0-0 e5 7. a3 Nge7 8. Nbd2 0-0 9. b4 b6 10. Rb1 h6 11. c3 Be6 12. b5 Nb8 13. Nc4 Qc7 14. Ne3 a6 15. Nh4 Ra7 16. f4 exf4 17. gxf4 f5 18. Kh1 Nd7 19. Bh3 Qb7 20. Rg1 Kh7 21. Rg2 Rf6 22. exf5 Nxf5 23. Nhxf5 gxf5 24. Kg1 Nf8 25. bxa6 Rxa6 26. c4 Qf7 27. Qf3 Rg6 28. Rxg6 Nxg6 29. Kh1 Nh4 30. Qg3 Qh5 31. Bf1 Bd4 32. Nd5 Bxd5+ 33. cxd5 Qd1 34. Qh3 Ra7 35. Rxb6 Rg7 0-1

[Event "EU-Cup 31st"]
[Site "Skopje"]
[Date "2015.10.20"]
[Round "3.3"]
[White "Pelletier, Yannick"]
[Black "Nithander, Victor"]
[Result "1/2-1/2"]
[WhiteElo "2557"]
[BlackElo "2426"]
[PlyCount "114"]
[EventDate "2015.10.18"]
[EventType "team-swiss"]
[EventRounds "7"]
[EventCountry "MKD"]
[SourceTitle "CBM 169"]
[Source "ChessBase"]
[SourceDate "2015.11.10"]
[SourceVersion "1"]
[SourceVersionDate "2015.11.10"]
[SourceQuality "1"]
[WhiteTeam "Zuerich SG"]
[BlackTeam "Viking Team"]
[WhiteTeamCountry "SUI"]
[BlackTeamCountry "SWE"]

1. d4 Nf6 2. c4 g6 3. Nc3 Bg7 4. e4 d6 5. Nf3 0-0 6. Be2 e5 7. 0-0 exd4 8. Nxd4 Re8 9. f3 Nh5 10. Be3 Nc6 11. Qd2 Nf4 12. Rf2 Nxe2+ 13. Rxe2 Ne5 14. b3 b6 15. Rd1 Bb7 16. Kh1 a5 17. Bg5 f6 18. Bh4 Qd7 19. Nd5 Qf7 20. f4 Nc6 21. Nb5 Rac8 22. Ndxc7 Rxc7 23. Nxd6 Qe6 24. Nxe8 Qxe8 25. Bf2 Bc8 26. h3 Rd7 27. Qe1 Rb7 28. Rd6 Bf8 29. Rxf6 Be7 30. e5 Bd7 31. Qd1 Bxf6 32. exf6 Qf7 33. Qd6 Qf8 34. Qd5+ Qf7 35. Qd6 Qf8 36. Qd5+ Qf7 37. Re7 Qxd5 38. Rg7+ Kf8 39. cxd5 Nb4 40. d6 Nd5 41. Bd4 Nxf4 42. Rxh7 Ne6 43. Be3 Bc6 44. Rxb7 Bxb7 45. Bxb6 Bc6 46. Bxa5 Kf7 47. Bc3 Nf4 48. Kh2 Ke6 49. g4 Kxd6 50. Bd2 Ne2 51. h4 Ke6 52. g5 Bd5 53. Kh3 Nd4 54. Kg4 Kf7 55. Be3 Be6+ 56. Kf4 Nxb3 57. axb3 Bxb3 1/2-1/2

[Event "SWE-chT 1415 Elite"]
[Site "Sweden"]
[Date "2015.03.22"]
[Round "9.1"]
[White "Nithander, Victor"]
[Black "Karlsson, Lars"]
[Result "0-1"]
[WhiteElo "2426"]
[BlackElo "2434"]
[PlyCount "68"]
[EventDate "2014.11.21"]
[EventType "team-tourn"]
[EventRounds "9"]
[EventCountry "SWE"]
[SourceTitle "EXT 2016"]
[Source "ChessBase"]
[SourceDate "2015.10.08"]
[SourceVersion "1"]
[SourceVersionDate "2015.10.08"]
[SourceQuality "1"]
[WhiteTeam "Stockholm Viking"]
[BlackTeam "Stockholm Rockaden"]
[WhiteTeamCountry "SWE"]
[BlackTeamCountry "SWE"]

1. e4 e6 2. d4 d5 3. Nd2 Be7 4. c3 c5 5. dxc5 Bxc5 6. exd5 exd5 7. Nb3 Bb6 8. Nf3 Nc6 9. Be2 Nf6 10. 0-0 0-0 11. Nfd4 Ne5 12. Bf4 Ng6 13. Bg3 Ne4 14. a4 a6 15. a5 Ba7 16. Bd3 f5 17. f4 Bd7 18. Kh1 Nxg3+ 19. hxg3 Rf6 20. Qf3 Ne7 21. Rfe1 Be8 22. Re5 Bf7 23. Qe3 Nc6 24. Rxf5 Rh6+ 25. Kg1 Qd7 26. Rg5 Re8 27. Qf3 Re4 28. Rd1 Qe7 29. Kf2 Rf6 30. Rd2 Ne5 31. Rxe5 Rxe5 32. Qg4 Bh5 33. Qh4 Re1 34. Bxh7+ Kf8 0-1

[Event "SWE-chT 1415 Elite"]
[Site "Sweden"]
[Date "2015.01.31"]
[Round "5"]
[White "Nithander, Victor"]
[Black "Ernst, Thomas"]
[Result "1/2-1/2"]
[WhiteElo "2426"]
[BlackElo "2361"]
[PlyCount "113"]
[EventDate "2014.11.21"]
[EventType "team-tourn"]
[EventRounds "9"]
[EventCountry "SWE"]
[SourceTitle "EXT 2016"]
[Source "ChessBase"]
[SourceDate "2015.10.08"]
[SourceVersion "1"]
[SourceVersionDate "2015.10.08"]
[SourceQuality "1"]
[WhiteTeam "Stockholm Viking"]
[BlackTeam "Farsta"]
[WhiteTeamCountry "SWE"]
[BlackTeamCountry "SWE"]

1. e4 e5 2. Nf3 Nc6 3. Bb5 a6 4. Ba4 Nf6 5. 0-0 Be7 6. Re1 b5 7. Bb3 d6 8. c3 0-0 9. h3 Na5 10. Bc2 c5 11. d4 Nd7 12. Nbd2 exd4 13. cxd4 Nc6 14. d5 Nce5 15. Nxe5 Nxe5 16. f4 Ng6 17. Qf3 Bf6 18. Nf1 Bd4+ 19. Kh2 f5 20. g3 fxe4 21. Bxe4 Ra7 22. Rb1 Re7 23. Bd2 Ne5 24. Qg2 Nc4 25. b3 Nxd2 26. Qxd2 Rfe8 27. Bf3 Bf5 28. Rbd1 b4 29. Rxe7 Qxe7 30. Qg2 Bc3 31. g4 Be4 32. Ng3 Bxf3 33. Qxf3 g6 34. Kg2 Qe3 35. h4 Kf7 36. h5 Bd4 37. hxg6+ hxg6 38. g5 a5 39. f5 Qxf3+ 40. Kxf3 Re3+ 41. Kf4 Rc3 42. fxg6+ Kxg6 43. Nf5 Be5+ 44. Kg4 Rc2 45. Ne7+ Kf7 46. Nc6 Rg2+ 47. Kf5 Rf2+ 48. Ke4 Bh2 49. Nxa5 Rxa2 50. Nc4 Re2+ 51. Kf5 Rf2+ 52. Kg4 Kg6 53. Re1 Rf4+ 54. Kh3 Rf2 55. Kg4 Rf4+ 56. Kh3 Rf2 57. Kg4 1/2-1/2

[Event "SWE-chT 1415 Elite"]
[Site "Sweden"]
[Date "2014.11.23"]
[Round "3"]
[White "Nithander, Victor"]
[Black "Jepson, Christian"]
[Result "1/2-1/2"]
[WhiteElo "2426"]
[BlackElo "2416"]
[PlyCount "113"]
[EventDate "2014.11.21"]
[EventType "team-tourn"]
[EventRounds "9"]
[EventCountry "SWE"]
[SourceTitle "EXT 2016"]
[Source "ChessBase"]
[SourceDate "2015.10.08"]
[SourceVersion "1"]
[SourceVersionDate "2015.10.08"]
[SourceQuality "1"]
[WhiteTeam "Stockholm Viking"]
[BlackTeam "Limhamn"]
[WhiteTeamCountry "SWE"]
[BlackTeamCountry "SWE"]

1. e4 e5 2. Nf3 Nc6 3. Bb5 a6 4. Ba4 Nf6 5. 0-0 Be7 6. Re1 b5 7. Bb3 0-0 8. h3 d6 9. c3 a5 10. a4 b4 11. d4 bxc3 12. Nxc3 Nxd4 13. Nxd4 exd4 14. Qxd4 Rb8 15. Bc2 c6 16. Rb1 Nd7 17. Bf4 Ne5 18. Red1 Qc7 19. Qe3 Nc4 20. Qc1 Bf6 21. Bd3 Ne5 22. Nd5 Qd8 23. Nxf6+ Qxf6 24. Bg3 Rb4 25. Bc2 c5 26. Qd2 Nc4 27. Qe2 Re8 28. b3 Na3 29. Rbc1 Nxc2 30. Qxc2 Rd4 31. e5 dxe5 32. Qxc5 Qd8 33. Rxd4 exd4 34. Bc7 Qd7 35. Bxa5 Bb7 36. Rd1 d3 37. Qb5 Qxb5 38. axb5 Re5 39. Rxd3 h6 40. b6 Rxa5 41. Rd7 Bd5 42. b7 Bxb7 43. Rxb7 Ra1+ 44. Kh2 Ra2 45. Kg3 Rb2 46. Kf3 h5 47. g3 g6 48. h4 Kg7 49. b4 Kf6 50. b5 Rb3+ 51. Kg2 Ke6 52. b6 Kf6 53. Rb8 Kf5 54. Kf1 Rb2 55. Kg2 Ke5 56. Kf3 Kf5 57. Kg2 1/2-1/2

[Event "Vaxjo Visma GM"]
[Site "Vaxjo"]
[Date "2014.06.28"]
[Round "7"]
[White "Nithander, Victor"]
[Black "Ducarmon, Quinten"]
[Result "0-1"]
[WhiteElo "2438"]
[BlackElo "2483"]
[PlyCount "104"]
[EventDate "2014.06.25"]
[EventType "tourn"]
[EventRounds "9"]
[EventCountry "SWE"]
[EventCategory "10"]
[SourceTitle "CBM 161 Extra"]
[Source "ChessBase"]
[SourceDate "2014.08.29"]
[SourceVersion "1"]
[SourceVersionDate "2014.08.29"]
[SourceQuality "1"]

1. e4 c6 2. d4 d5 3. Nd2 dxe4 4. Nxe4 Bf5 5. Ng3 Bg6 6. h4 h6 7. Nf3 e6 8. h5 Bh7 9. Bd3 Bxd3 10. Qxd3 Nf6 11. Bd2 Be7 12. 0-0-0 0-0 13. Kb1 c5 14. Ne4 Nc6 15. Be3 cxd4 16. Nxd4 Nb4 17. Nxf6+ Bxf6 18. Qb3 Qe7 19. g4 Nd5 20. Bc1 a5 21. c4 a4 22. Qb5 Nb4 23. Rhe1 Rfd8 24. Be3 Nc6 25. Nf3 a3 26. Bc5 Qc7 27. Bxa3 Qf4 28. Qb3 Qxg4 29. Nd2 Qxh5 30. Ne4 Rxd1+ 31. Rxd1 Qf5 32. Qc2 Bd4 33. Bd6 e5 34. a3 b6 35. Qe2 Rd8 36. Bb4 Nxb4 37. axb4 Ra8 38. f3 Ra4 39. Rd3 Rxb4 40. b3 Qc8 41. Nd6 Qc6 42. Nf5 Qxc4 43. Nxd4 exd4 44. Qd1 Qc5 45. Kb2 g6 46. Qd2 Kg7 47. f4 Rb5 48. Rxd4 h5 49. Qd3 Rb4 50. Rd5 Qf2+ 51. Ka3 Rxf4 52. Qc3+ Kh7 0-1

[Event "Vaxjo Visma GM"]
[Site "Vaxjo"]
[Date "2014.06.28"]
[Round "6"]
[White "Svane, Rasmus"]
[Black "Nithander, Victor"]
[Result "1/2-1/2"]
[WhiteElo "2493"]
[BlackElo "2438"]
[PlyCount "94"]
[EventDate "2014.06.25"]
[EventType "tourn"]
[EventRounds "9"]
[EventCountry "SWE"]
[EventCategory "10"]
[SourceTitle "CBM 161 Extra"]
[Source "ChessBase"]
[SourceDate "2014.08.29"]
[SourceVersion "1"]
[SourceVersionDate "2014.08.29"]
[SourceQuality "1"]

1. d4 Nf6 2. c4 g6 3. Nc3 Bg7 4. e4 d6 5. Nf3 0-0 6. Be2 e5 7. Be3 Ng4 8. Bg5 f6 9. Bh4 g5 10. Bg3 Nh6 11. c5 Nc6 12. cxd6 cxd6 13. dxe5 dxe5 14. Bc4+ Kh8 15. h3 Bd7 16. 0-0 Rc8 17. Rc1 Qe7 18. Nd5 Qe8 19. Ne3 Rd8 20. Qe2 Qg6 21. Bd5 Ng8 22. Rfd1 Nge7 23. Qe1 Bc8 24. b4 Nxd5 25. Nxd5 g4 26. Nh4 Qf7 27. hxg4 Bxg4 28. Rd3 Rd7 29. Qd2 Rfd8 30. f3 Be6 31. Bf2 Bxd5 32. exd5 Rxd5 33. Rxd5 Qxd5 34. Qxd5 Rxd5 35. a4 a6 36. Bc5 Bh6 37. Rc2 Kg8 38. Nf5 Bf8 39. Rc4 Bxc5+ 40. bxc5 Kf8 41. Nd6 Nd8 42. Rb4 Rxc5 43. Nxb7 Nxb7 44. Rxb7 Ra5 45. Rxh7 Rxa4 46. Ra7 Ra2 47. Kh2 f5 1/2-1/2

[Event "Vaxjo Visma GM"]
[Site "Vaxjo"]
[Date "2014.06.26"]
[Round "3"]
[White "Smith, Axel"]
[Black "Nithander, Victor"]
[Result "1-0"]
[WhiteElo "2481"]
[BlackElo "2438"]
[PlyCount "103"]
[EventDate "2014.06.25"]
[EventType "tourn"]
[EventRounds "9"]
[EventCountry "SWE"]
[EventCategory "10"]
[SourceTitle "CBM 161 Extra"]
[Source "ChessBase"]
[SourceDate "2014.08.29"]
[SourceVersion "1"]
[SourceVersionDate "2014.08.29"]
[SourceQuality "1"]

1. e4 g6 2. d4 Bg7 3. Nc3 d6 4. f4 a6 5. Nf3 b5 6. Bd3 Bb7 7. 0-0 Nd7 8. e5 e6 9. a4 bxa4 10. Rxa4 Ne7 11. Qe2 a5 12. Be3 0-0 13. Rfa1 Nf5 14. Bf2 c5 15. Bxf5 gxf5 16. exd6 cxd4 17. Bxd4 Bxd4+ 18. Rxd4 Bxf3 19. gxf3 Qb6 20. Nb5 Kh8 21. Kh1 Rg8 22. c4 Rg6 23. Rg1 Rxg1+ 24. Kxg1 Rg8+ 25. Kh1 a4 26. Qe3 Qc6 27. Qc3 f6 28. Rd1 Qc5 29. Qd4 Qc6 30. Qc3 Qc5 31. Qd4 Qc6 32. Qd3 Qc5 33. Nc3 Qb4 34. Qe2 a3 35. Qxe6 axb2 36. Nb1 Qb3 37. Qe2 Qb6 38. Qd2 Qc5 39. Qxb2 Qe3 40. Rf1 Qd3 41. Qf2 Qxc4 42. Rd1 Qxf4 43. Nc3 Qe5 44. Qe1 Qf4 45. Qe2 Rc8 46. Nd5 Qa4 47. Ne7 Rc2 48. Rg1 h5 49. Qe3 Kh7 50. Rg7+ Kxg7 51. Qg1+ Qg4 52. Nxf5+ 1-0

[Event "Gothenburg Manhem-A"]
[Site "Gothenburg"]
[Date "2013.08.14"]
[Round "7"]
[White "Blomqvist, Erik"]
[Black "Nithander, Victor"]
[Result "1-0"]
[WhiteElo "2503"]
[BlackElo "2437"]
[PlyCount "43"]
[EventDate "2013.08.10"]
[EventType "tourn"]
[EventRounds "9"]
[EventCountry "SWE"]
[EventCategory "10"]
[SourceTitle "CBM 155 Extra"]
[Source "ChessBase"]
[SourceDate "2013.08.26"]
[SourceVersion "1"]
[SourceVersionDate "2013.08.26"]
[SourceQuality "1"]

1. e4 g6 2. d4 Bg7 3. Nc3 d6 4. f4 a6 5. Nf3 b5 6. Bd3 Bb7 7. e5 e6 8. 0-0 Ne7 9. a4 b4 10. Ne4 Bxe4 11. Bxe4 d5 12. Bd3 Nd7 13. Be3 c5 14. dxc5 Qa5 15. Qd2 Nc6 16. Bb5 axb5 17. axb5 Qxa1 18. Rxa1 Rxa1+ 19. Kf2 Bf8 20. bxc6 Nxc5 21. Ke2 Ra6 22. Qxb4 1-0

[Event "Gothenburg Manhem-A"]
[Site "Gothenburg"]
[Date "2013.08.13"]
[Round "5"]
[White "Smith, Axel"]
[Black "Nithander, Victor"]
[Result "1-0"]
[WhiteElo "2468"]
[BlackElo "2437"]
[PlyCount "107"]
[EventDate "2013.08.10"]
[EventType "tourn"]
[EventRounds "9"]
[EventCountry "SWE"]
[EventCategory "10"]
[SourceTitle "CBM 155 Extra"]
[Source "ChessBase"]
[SourceDate "2013.08.26"]
[SourceVersion "1"]
[SourceVersionDate "2013.08.26"]
[SourceQuality "1"]

1. e4 d6 2. d4 Nf6 3. Nc3 g6 4. f4 Bg7 5. Nf3 0-0 6. e5 Ne8 7. Be3 Na6 8. Qd2 Bg4 9. Be2 c5 10. dxc5 dxe5 11. Qxd8 Rxd8 12. Nxe5 Bxe2 13. Kxe2 Bxe5 14. fxe5 Nb4 15. Rad1 Nc7 16. Rxd8 Rxd8 17. Rd1 Rxd1 18. Kxd1 Nc6 19. a3 Ne6 20. Nd5 g5 21. Nb4 Nxe5 22. c6 Nxc6 23. Nxc6 bxc6 24. Bxa7 Kf8 25. b4 Ke8 26. Kd2 Kd7 27. Be3 f5 28. c4 h5 29. a4 Kc7 30. b5 cxb5 31. cxb5 f4 32. Bf2 g4 33. a5 Kb7 34. Kd3 Nc7 35. Kc4 e5 36. b6 Na6 37. Kd5 Nb4+ 38. Ke4 Nc6 39. Be1 Ka6 40. Kd5 Kb7 41. a6+ Kxb6 42. Bf2+ Kxa6 43. Kxc6 e4 44. g3 e3 45. Bg1 e2 46. Bf2 f3 47. Be1 Ka7 48. Bf2+ Ka6 49. Be1 Ka7 50. Kb5 Kb8 51. Kb6 Kc8 52. Kc6 Kb8 53. Bf2 Kc8 54. Kd6 1-0

[Event "SWE-chT 1213"]
[Site "Sweden"]
[Date "2013.03.17"]
[Round "9"]
[White "Fries Nielsen, Jens Ove"]
[Black "Nithander, Victor"]
[Result "0-1"]
[WhiteElo "2365"]
[BlackElo "2520"]
[PlyCount "126"]
[EventDate "2012.10.05"]
[EventType "team-tourn"]
[EventRounds "9"]
[EventCountry "SWE"]
[SourceTitle "EXT 2014"]
[Source "ChessBase"]
[SourceDate "2013.11.20"]
[SourceVersion "1"]
[SourceVersionDate "2013.11.20"]
[SourceQuality "1"]
[WhiteTeam "Burgsvik Alva"]
[BlackTeam "Manhem"]
[WhiteTeamCountry "SWE"]
[BlackTeamCountry "SWE"]

1. e3 c5 2. Nf3 Nf6 3. b3 g6 4. Bb2 Bg7 5. g4 h6 6. c4 Nc6 7. d3 d5 8. cxd5 Qxd5 9. Nc3 Qd7 10. h3 b6 11. a3 Bb7 12. Be2 Rc8 13. Ne4 0-0 14. Ng3 Rfd8 15. Qc2 Na5 16. e4 Nc6 17. 0-0 Ne8 18. Bxg7 Nxg7 19. Qd2 Kh7 20. Qf4 f6 21. Qd2 Ne6 22. Ne1 Ned4 23. Bd1 e5 24. b4 Ne7 25. f4 exf4 26. Qxf4 Rf8 27. bxc5 Rxc5 28. Ra2 Nec6 29. Raf2 Ne5 30. h4 Ne6 31. Qd2 Qd4 32. Kh2 Rb5 33. Qa2 Bc8 34. Nc2 Qxd3 35. Nb4 Qd4 36. Nd5 f5 37. a4 Rc5 38. Rd2 Qc4 39. Bb3 Nxg4+ 40. Kg1 Qa6 41. exf5 gxf5 42. Ne7 Re5 43. Ngxf5 Qa5 44. Rc2 Re1 45. Rc1 Rxf1+ 46. Rxf1 Qc5+ 47. Kh1 Bb7+ 48. Bd5 Rxf5 49. Rxf5 Qxe7 50. Bxb7 Qxb7+ 51. Qd5 Qxd5+ 52. Rxd5 Nc5 53. a5 Nf6 54. Re5 Nfd7 55. axb6 axb6 56. Rd5 Kg6 57. Kg2 h5 58. Kf3 b5 59. Rg5+ Kh6 60. Ke3 b4 61. Rd5 b3 62. Kd2 Nf6 63. Re5 Nfe4+ 0-1

[Event "SWE-chT 1213"]
[Site "Sweden"]
[Date "2013.02.01"]
[Round "6"]
[White "Nithander, Victor"]
[Black "Brynell, Stellan"]
[Result "1/2-1/2"]
[WhiteElo "2520"]
[BlackElo "2500"]
[PlyCount "71"]
[EventDate "2012.10.05"]
[EventType "team-tourn"]
[EventRounds "9"]
[EventCountry "SWE"]
[SourceTitle "EXT 2014"]
[Source "ChessBase"]
[SourceDate "2013.11.20"]
[SourceVersion "1"]
[SourceVersionDate "2013.11.20"]
[SourceQuality "1"]
[WhiteTeam "Manhem"]
[BlackTeam "Limhamn"]
[WhiteTeamCountry "SWE"]
[BlackTeamCountry "SWE"]

1. e4 e6 2. d4 d5 3. Nd2 c5 4. Ngf3 a6 5. exd5 exd5 6. dxc5 Bxc5 7. Be2 Nf6 8. 0-0 0-0 9. Nb3 Bb6 10. Nfd4 Nc6 11. Bg5 Re8 12. Bf3 Qd6 13. Nxc6 bxc6 14. Re1 Rxe1+ 15. Qxe1 Bf5 16. Bxf6 Qxf6 17. c3 Qe6 18. Qf1 a5 19. Re1 Qd7 20. Qe2 h6 21. Qe5 Qe6 22. Nd4 Qxe5 23. Rxe5 Bd7 24. Re2 Kf8 25. g3 Rb8 26. Rd2 Ke7 27. Kg2 Bxd4 28. cxd4 Kd6 29. Kf1 Re8 30. Re2 c5 31. dxc5+ Kxc5 32. Rxe8 Bxe8 33. Ke2 Bb5+ 34. Kd2 d4 35. Bd1 Bc4 36. a3 1/2-1/2

[Event "Rilton Cup 42nd"]
[Site "Stockholm"]
[Date "2013.01.02"]
[Round "6"]
[White "L'Ami, Erwin"]
[Black "Nithander, Victor"]
[Result "1/2-1/2"]
[WhiteElo "2625"]
[BlackElo "2443"]
[PlyCount "106"]
[EventDate "2012.12.27"]
[EventType "swiss"]
[EventRounds "9"]
[EventCountry "SWE"]
[SourceTitle "CBM 152 Extra"]
[Source "ChessBase"]
[SourceDate "2013.02.25"]
[SourceVersion "1"]
[SourceVersionDate "2013.02.25"]
[SourceQuality "1"]

1. d4 Nf6 2. c4 g6 3. Nc3 Bg7 4. e4 d6 5. Nf3 0-0 6. Be2 e5 7. 0-0 Nc6 8. dxe5 dxe5 9. Bg5 Qxd1 10. Rfxd1 Bg4 11. h3 Bxf3 12. Bxf3 Nd4 13. Nd5 Nxd5 14. cxd5 h6 15. Bd2 c6 16. dxc6 Nxc6 17. Be2 Nd4 18. Bc4 Rac8 19. Rac1 b5 20. Bd3 a6 21. Kf1 Rfe8 22. Rc3 Bf8 23. Rxc8 Rxc8 24. Bc3 Bc5 25. Rc1 Bb6 26. Bd2 Rxc1+ 27. Bxc1 h5 28. h4 Ne6 29. g3 Bd4 30. Ke2 Nc5 31. Bc2 Kg7 32. b4 Ne6 33. Bd2 Bb6 34. Bd1 f6 35. Kf1 Kf7 36. Bb3 Ke7 37. Bd5 Nd8 38. Kg2 Bd4 39. f4 exf4 40. gxf4 Kd6 41. Kf3 f5 42. Be1 Kd7 43. exf5 gxf5 44. Kg3 Be3 45. Bf3 Ne6 46. Bb7 Bxf4+ 47. Kf3 Bd6 48. Bxa6 Nd4+ 49. Kg2 Kc6 50. Bc8 Kc7 51. Ba6 Kb6 52. Bc8 Kc7 53. Ba6 Kb6 1/2-1/2

[Event "Rilton Cup 42nd"]
[Site "Stockholm"]
[Date "2012.12.30"]
[Round "4"]
[White "Nithander, Victor"]
[Black "Cicak, Slavko"]
[Result "1/2-1/2"]
[WhiteElo "2443"]
[BlackElo "2579"]
[PlyCount "56"]
[EventDate "2012.12.27"]
[EventType "swiss"]
[EventRounds "9"]
[EventCountry "SWE"]
[SourceTitle "CBM 152 Extra"]
[Source "ChessBase"]
[SourceDate "2013.02.25"]
[SourceVersion "1"]
[SourceVersionDate "2013.02.25"]
[SourceQuality "1"]

1. c4 b6 2. Nc3 c5 3. Nf3 Bb7 4. e4 Nc6 5. d4 cxd4 6. Nxd4 Qb8 7. Nxc6 dxc6 8. Bd3 e5 9. 0-0 Nf6 10. f4 Bd6 11. f5 Bc5+ 12. Kh1 Qd6 13. Qf3 0-0-0 14. Bc2 Ba6 15. b3 h6 16. Rb1 Qe7 17. a4 h5 18. Bg5 h4 19. Rbd1 Rxd1 20. Rxd1 Qc7 21. Ne2 Bb7 22. h3 a5 23. Kh2 Be7 24. Be3 Nd7 25. Qg4 Bf6 26. Qf3 Kb8 27. Nc1 Ka7 28. Nd3 c5 1/2-1/2

[Event "Rilton Cup 42nd"]
[Site "Stockholm"]
[Date "2012.12.28"]
[Round "2"]
[White "Nithander, Victor"]
[Black "Berggren Torell, Harald"]
[Result "1-0"]
[WhiteElo "2443"]
[BlackElo "2080"]
[PlyCount "41"]
[EventDate "2012.12.27"]
[EventType "swiss"]
[EventRounds "9"]
[EventCountry "SWE"]
[SourceTitle "CBM 152 Extra"]
[Source "ChessBase"]
[SourceDate "2013.02.25"]
[SourceVersion "1"]
[SourceVersionDate "2013.02.25"]
[SourceQuality "1"]

1. c4 c5 2. g3 g6 3. Bg2 Bg7 4. Nf3 Nc6 5. 0-0 b6 6. d3 Nf6 7. Nbd2 0-0 8. a3 Bb7 9. Rb1 Qc7 10. b4 Rab8 11. Bb2 d6 12. e3 Nd7 13. Bxg7 Kxg7 14. d4 cxb4 15. axb4 a5 16. b5 Nb4 17. d5 e5 18. dxe6 fxe6 19. Ng5 Rfe8 20. Bxb7 Qxb7 21. Nde4 1-0

[Event "SWE-chT 1213"]
[Site "Sweden"]
[Date "2012.12.01"]
[Round "4"]
[White "Vernersson, Per"]
[Black "Nithander, Victor"]
[Result "1/2-1/2"]
[WhiteElo "2362"]
[BlackElo "2520"]
[PlyCount "88"]
[EventDate "2012.10.05"]
[EventType "team-tourn"]
[EventRounds "9"]
[EventCountry "SWE"]
[SourceTitle "EXT 2014"]
[Source "ChessBase"]
[SourceDate "2013.11.20"]
[SourceVersion "1"]
[SourceVersionDate "2013.11.20"]
[SourceQuality "1"]
[WhiteTeam "Eksjo"]
[BlackTeam "Manhem"]
[WhiteTeamCountry "SWE"]
[BlackTeamCountry "SWE"]

1. Nf3 g6 2. d4 Bg7 3. e4 d6 4. c4 Nf6 5. Nc3 0-0 6. Be2 e5 7. 0-0 Nc6 8. d5 Ne7 9. Ne1 Ne8 10. Nd3 f5 11. Bd2 Nf6 12. f3 Kh8 13. b4 c6 14. a4 f4 15. a5 g5 16. g4 fxg3 17. hxg3 cxd5 18. cxd5 Qe8 19. Kg2 Qg6 20. Nf2 Bd7 21. Rh1 Rac8 22. Rc1 Rc7 23. Be3 a6 24. Bb6 Rcc8 25. Qd3 g4 26. Nxg4 Nxg4 27. fxg4 Bxg4 28. Bxg4 Qxg4 29. Qe2 Qg5 30. Be3 Qg6 31. Qd3 Ng8 32. Ne2 Nf6 33. Rxc8 Rxc8 34. Rh4 Ng4 35. Bb6 Bf6 36. Rh1 Bg5 37. Rf1 h5 38. Rf5 Kg7 39. Nc3 h4 40. gxh4 Bxh4 41. Kf1 Nh2+ 42. Ke2 Qg2+ 43. Bf2 Qf1+ 44. Kd2 Bxf2 1/2-1/2

[Event "SWE-chT 1213"]
[Site "Sweden"]
[Date "2012.10.05"]
[Round "1"]
[White "Tukhaev, Adam"]
[Black "Nithander, Victor"]
[Result "1-0"]
[WhiteElo "2599"]
[BlackElo "2520"]
[PlyCount "65"]
[EventDate "2012.10.05"]
[EventType "team-tourn"]
[EventRounds "9"]
[EventCountry "SWE"]
[SourceTitle "EXT 2014"]
[Source "ChessBase"]
[SourceDate "2013.11.20"]
[SourceVersion "1"]
[SourceVersionDate "2013.11.20"]
[SourceQuality "1"]
[WhiteTeam "Orgryte"]
[BlackTeam "Manhem"]
[WhiteTeamCountry "SWE"]
[BlackTeamCountry "SWE"]

1. e4 c5 2. Nf3 Nc6 3. d4 cxd4 4. Nxd4 Nf6 5. Nc3 e5 6. Ndb5 d6 7. Bg5 a6 8. Na3 b5 9. Bxf6 gxf6 10. Nd5 Bg7 11. Bd3 Ne7 12. Nxe7 Qxe7 13. 0-0 0-0 14. Qf3 Re8 15. Rfe1 Qd7 16. c4 Bb7 17. cxb5 f5 18. Qxf5 Qxf5 19. exf5 e4 20. bxa6 Bc6 21. Bb5 Rec8 22. Rad1 Bxb2 23. Rxd6 Be8 24. Nc4 Bc3 25. Rc1 Bxb5 26. Nb6 Rd8 27. Rxd8+ Rxd8 28. a7 Bd2 29. Rc8 Rxc8 30. Nxc8 e3 31. a8Q e2 32. Ne7+ Kg7 33. Qg8+ 1-0

[Event "Gothenburg Manhem"]
[Site "Gothenburg"]
[Date "2012.08.12"]
[Round "2"]
[White "Rozentalis, Eduardas"]
[Black "Nithander, Victor"]
[Result "1-0"]
[WhiteElo "2585"]
[BlackElo "2438"]
[PlyCount "65"]
[EventDate "2012.08.11"]
[EventType "tourn"]
[EventRounds "9"]
[EventCountry "SWE"]
[EventCategory "9"]
[SourceTitle "CBM 149 Extra"]
[Source "ChessBase"]
[SourceDate "2012.08.24"]
[SourceVersion "1"]
[SourceVersionDate "2012.08.24"]
[SourceQuality "1"]

1. d4 Nf6 2. Bg5 e6 3. e4 h6 4. Bxf6 Qxf6 5. Nf3 d6 6. Nc3 Nd7 7. Qd2 c6 8. 0-0-0 e5 9. dxe5 dxe5 10. Nb5 Kd8 11. Qa5+ b6 12. Qc3 Bc5 13. b4 Bxf2 14. Nxe5 cxb5 15. Bxb5 Be3+ 16. Kb1 Bf4 17. Bxd7 Bxe5 18. Bxc8+ Ke7 19. Rd7+ Kf8 20. Qc4 b5 21. Qc5+ Kg8 22. Rd5 Kh7 23. Bf5+ g6 24. Rxe5 gxf5 25. Rxf5 Qg6 26. Rhf1 Rhf8 27. Qd5 Kg7 28. h4 Rae8 29. h5 Qe6 30. Qd4+ f6 31. e5 fxe5 32. Qg4+ Kh7 33. Rxf8 1-0